Statistics for WWE Champions by Year - 1987

Click here to take the quiz!

General Stats

  • This quiz has been taken 34 times
  • The average score is 5 of 7

Answer Stats

TitleDateEventWrestler% Correct
IntercontinentalMarch 29WrestleMania IIIRicky Steamboat
93%
IntercontinentalJune 2SuperstarsThe Honky Tonk Man
86%
Tag TeamJanuary 26SuperstarsBret Hart
79%
Tag TeamJanuary 26SuperstarsJim Neidhart
79%
Women'sJuly 24House showSensational Sherri
64%
Tag TeamOctober 27SuperstarsRick Martel
57%
Tag TeamOctober 27SuperstarsTito Santana
57%

Score Distribution

Percentile by Number Answered

Percent of People with Each Score

Your Score History

You have not taken this quiz